000
00342nam a2200157Ia 4500
003
OSt
005
20240221164620.0
008
170524s9999 xx 000 0 und d
020
_a
978-0060974640
040
_c
IIMT
100
_a
English Edition
245
0
_a
Mediterranean Cooking
260
_b
Bonechi
260
_c
2001
942
_2
ddc
_c
02
999
_c
7071
_d
7071